000 00812nam1a22002051i 4500
001 rc\540789
005 20240726043538.0
035 _a(NLR Aleph) 005812664
090 _a5400828
_c5400828
100 _a20030616f19911998u |0rusy50 ca
101 0 _arus
102 _aRU
105 _ay |||||||||
200 1 _aТопливоподающие системы дизелей
_eАннот. указ. отеч. и иностр. лит...
_fЦентр. науч.-техн. б-ка тяжелого машиностроения, ЦНИИ информ. и техн.-экон. исслед. по тяжелому и трансп. машиностроению
210 _aМ.
_cЦНИИТЭИтяжмаш
215 _d22
801 0 _aRU
_bNLR
_gpsbo
801 1 _aRU
_bELAR
_2rusmarc
852 _aNLR
_bС
_jК-2/998
942 _cBOOK